Movies Quiz

Random Movies or Clickable Quiz

'Star Wars' Vehicles Exam Quiz Stats

 Plays Quiz Updated Sep 12, 2017

Score 0/16 Timer 04:00
0 Plays Today
% Correct
Death Star
95.2%
Millennium Falcon
95%
X-Wing
92.5%
AT-AT
92.2%
TIE Fighter
91.6%
Speeder Bike
90.9%
Star Destroyer
90%
Y-Wing
88.8%
% Correct
Sand Crawler
88.4%
Slave I
87.5%
AT-ST
87.5%
Pod Racer
87.2%
Land Speeder
85.8%
Skiff
85.6%
Tantive IV
80.3%
Hammerhead Corvette
74%

You're not logged in!

Compare scores with friends on all Sporcle quizzes.
OR
Log In

You Might Also Like...

Show Comments

Extras

Top Quizzes Today


Score Distribution

Your Account Isn't Verified!

In order to create a playlist on Sporcle, you need to verify the email address you used during registration. Go to your Sporcle Settings to finish the process.

Report this User

Report this user for behavior that violates our Community Guidelines.

Details: